Zygomatic implantology (Record no. 31365)

MARC details
000 -LEADER
fixed length control field 00284nam a22001337a 4500
003 - CONTROL NUMBER IDENTIFIER
control field SGT
082 ## - DEWEY DECIMAL CLASSIFICATION NUMBER
Classification number 617.69
Item number Z25G
100 ## - MAIN ENTRY--PERSONAL NAME
Personal name Goyal, Harshita
245 ## - TITLE STATEMENT
Title Zygomatic implantology
260 ## - PUBLICATION, DISTRIBUTION, ETC. (IMPRINT)
Name of publisher, distributor, etc SGT University
Year of Publication 2025
300 ## - PAGE DESCRIPTION
No. of Pages 105
650 ## - SUBJECT ADDED ENTRY--TOPICAL TERM
Topical term or geographic name as entry element Prosthodontics
942 ## - ADDED ENTRY ELEMENTS (KOHA)
Source of classification or shelving scheme Dewey Decimal Classification
Koha item type Thesis/Dissertation
Holdings
Withdrawn status Lost status Source of classification or shelving scheme Damaged status Use restrictions Not for loan Home library Current library Date acquired SGTU Total Checkouts Full call number Accession No. (Barcode) Date last seen Bill Date Koha item type
    Dewey Decimal Classification   Restricted Access Not For Loan SGT Dental Library SGT Dental Library 13/06/2025 SGTU   617.69 Z25G DT2219 13/06/2025 13/06/2025 Thesis/Dissertation